[Event "USCL San Francisco vs Seattle"]
[Site "Internet Chess Club"]
[Date "2007.10.22"]
[Round "9"]
[White "Tangborn, Eric"]
[Black "Bhat, Vinay"]
[Result "0-1"]
[WhiteElo "2475"]
[BlackElo "2465"]
[PlyCount "98"]
[EventDate "2007.??.??"]

1. d4 d5 2. Nf3 Nf6 3. c4 e6 4. cxd5 exd5 5. Nc3 c6 6. Bg5 Be7 7. Qc2 g6 8. e3
Bf5 9. Bd3 Bxd3 10. Qxd3 Nbd7 11. O-O O-O 12. Nd2 Re8 13. Rab1 a5 14. Rfc1 Bd6
15. Nf1 Qb8 16. f3 Nh5 17. g4 Ng7 18. Kg2 b5 19. b3 Qb7 20. Bh4 Rac8 21. Bf2
Ne6 22. Ng3 Bf8 23. Rc2 Bg7 24. Nge2 b4 25. Na4 c5 26. Nxc5 Nexc5 27. dxc5 Nxc5
28. Qd2 Ne6 29. Rbc1 Rcd8 30. Qd3 d4 31. e4 Ra8 32. Rc6 Red8 33. f4 Rac8 34.
Rxc8 Rxc8 35. Rxc8+ Qxc8 36. f5 Nc5 37. Qc4 gxf5 38. gxf5 d3 39. Bxc5 dxe2 40.
Kf2 Qc7 41. Kxe2 Qxh2+ 42. Bf2 Bf6 43. Kf3 Qh3+ 44. Ke2 Qg2 45. Ke1 h5 46. Qc6
Bc3+ 47. Ke2 Bd4 48. Qe8+ Kg7 49. Kd3 Qxf2 0-1

[Event "USCL San Francisco vs Seattle"]
[Site "Internet Chess Club"]
[Date "2007.10.22"]
[Round "9"]
[White "Sinanan, Joshua"]
[Black "Naroditsky, Daniel"]
[Result "1/2-1/2"]
[WhiteElo "2191"]
[BlackElo "2170"]
[PlyCount "114"]
[EventDate "2007.??.??"]

1. Nf3 Nf6 2. c4 g6 3. Nc3 Bg7 4. e4 d6 5. d4 O-O 6. Be2 e5 7. O-O Nc6 8. d5
Ne7 9. b4 Nh5 10. Re1 f5 11. Ng5 Nf4 12. Bf1 h6 13. Nf3 fxe4 14. Nd2 Nd3 15.
Bxd3 exd3 16. Nde4 Bf5 17. Qxd3 g5 18. a4 Ng6 19. Ba3 Nf4 20. Qd1 Qc8 21. Re3
Bg4 22. Qd2 Qe8 23. c5 Qg6 24. b5 dxc5 25. Bxc5 Rfd8 26. Qa2 Qf7 27. f3 Bf5 28.
d6 Qxa2 29. Rxa2 Bxe4 30. Nxe4 cxd6 31. Bxd6 Rac8 32. g3 Nd5 33. Rb3 Nf6 34.
Nxf6+ Bxf6 35. Bb4 Rc4 36. a5 Rdd4 37. Bd2 e4 38. Be3 Rd3 39. Rxd3 exd3 40. Rd2
Rc1+ 41. Kf2 Rc2 42. Rxc2 dxc2 43. Bc1 a6 44. bxa6 bxa6 45. Ke2 Bc3 46. Kd3
Bxa5 47. Kxc2 Kf7 48. Kd3 Bb6 49. Kc4 Ke6 50. Bb2 h5 51. g4 hxg4 52. fxg4 Bc7
53. h3 Be5 54. Bc1 Bf4 55. Bb2 Be5 56. Ba3 Bd6 57. Bb2 Be5 1/2-1/2

[Event "USCL San Francisco vs Seattle"]
[Site "Internet Chess Club"]
[Date "2007.10.22"]
[Round "9"]
[White "Donaldson, John"]
[Black "Schmidt, Loren"]
[Result "1/2-1/2"]
[WhiteElo "2458"]
[BlackElo "2430"]
[PlyCount "111"]
[EventDate "2007.??.??"]

1. d4 Nf6 2. Nf3 c5 3. c4 cxd4 4. Nxd4 Nc6 5. Nc3 g6 6. g3 Bg7 7. Bg2 O-O 8.
O-O Ng4 9. e3 d6 10. Nde2 Qa5 11. Nd5 e6 12. Bd2 Qd8 13. Ndc3 Nge5 14. b3 Nd3
15. Rb1 a6 16. a3 Nde5 17. Qc2 Qc7 18. Rfd1 Ne7 19. Rbc1 Rb8 20. Qb1 b6 21. Ne4
f5 22. Ng5 h6 23. Nf3 Nxf3+ 24. Bxf3 Nc6 25. Bg2 Ne5 26. Nd4 Bd7 27. h3 Nf7 28.
f4 e5 29. Ne2 Bc6 30. Nc3 Bxg2 31. Kxg2 b5 32. cxb5 Qb7+ 33. Kh2 axb5 34. Qd3
b4 35. axb4 Qxb4 36. Rb1 Rb7 37. Nd5 Qe4 38. Qxe4 fxe4 39. b4 exf4 40. gxf4 Nd8
41. Bc3 Rf5 42. Bxg7 Rxg7 43. Nc3 Nb7 44. Nxe4 g5 45. Ng3 Rb5 46. f5 d5 47. Ne2
Rc7 48. Nd4 Rb6 49. b5 Nd6 50. Rdc1 Nc4 51. e4 Rd7 52. exd5 Ne3 53. Rc6 Nxd5
54. Rbc1 Kf7 55. Kg3 Rbb7 56. Nf3 1/2-1/2

[Event "USCL Philadelphia vs New York"]
[Site "Internet Chess Club"]
[Date "2007.10.24"]
[Round "9"]
[White "Kudrin, Sergey"]
[Black "Lapshun, Yury"]
[Result "1-0"]
[WhiteElo "2605"]
[BlackElo "2542"]
[PlyCount "107"]
[EventDate "2007.??.??"]

1. e4 c5 2. Nf3 Nc6 3. d4 cxd4 4. Nxd4 Nf6 5. Nc3 e5 6. Ndb5 d6 7. Bg5 a6 8.
Na3 b5 9. Nd5 Be7 10. Bxf6 Bxf6 11. c3 O-O 12. Nc2 Bg5 13. a4 bxa4 14. Rxa4 a5
15. Bc4 Rb8 16. b3 Be6 17. Nce3 Bxe3 18. Nxe3 Qc7 19. O-O Rfd8 20. Nd5 Bxd5 21.
Qxd5 Rd7 22. g3 Qb6 23. b4 Rc7 24. bxa5 Qa7 25. Qxd6 Rd8 26. Qa3 Rd2 27. Qc1
Rd6 28. Rd1 Rf6 29. Qe3 Qxe3 30. fxe3 Kf8 31. Bd5 Nb8 32. Rc4 Na6 33. Rxc7 Nxc7
34. Bb7 Ke7 35. c4 h5 36. c5 g6 37. c6 Rd6 38. Ra1 Rd3 39. a6 Rxe3 40. Ra4 Re1+
41. Kf2 Rd1 42. Ra2 Rd4 43. Ke3 f5 44. exf5 gxf5 45. a7 h4 46. a8=Q Nxa8 47.
Rxa8 Rc4 48. gxh4 Kd6 49. Rd8+ Kc7 50. Rd7+ Kb6 51. Rh7 Rc2 52. Ba8 Rxh2 53. c7
Rc2 54. h5 1-0

[Event "USCL Queens vs Boston"]
[Site "Internet Chess Club"]
[Date "2007.10.24"]
[Round "9"]
[White "Stripunsky, Alex"]
[Black "Christiansen, Larry"]
[Result "1/2-1/2"]
[WhiteElo "2686"]
[BlackElo "2669"]
[PlyCount "64"]
[EventDate "2007.??.??"]

1. e4 c6 2. d4 d5 3. exd5 cxd5 4. c4 Nf6 5. Nc3 g6 6. cxd5 Nxd5 7. Qb3 Nb6 8.
d5 Bg7 9. Be3 O-O 10. Rd1 Na6 11. Bxa6 bxa6 12. Nge2 Bg4 13. f3 Bd7 14. Bd4 Rb8
15. Bxg7 Kxg7 16. O-O Na4 17. Qc4 Qb6+ 18. Qd4+ Qxd4+ 19. Rxd4 Rxb2 20. Nxa4
Rxe2 21. Nc5 Bb5 22. a4 Rc2 23. axb5 Rxc5 24. bxa6 Rb8 25. Rd2 Rb6 26. Ra1 Rd6
27. Rb1 Rxa6 28. Rb7 Kf6 29. Re2 e6 30. dxe6 Rxe6 31. Rxe6+ Kxe6 32. Rxa7 Rc2
1/2-1/2

[Event "USCL Carolina vs Miami"]
[Site "Internet Chess Club"]
[Date "2007.10.24"]
[Round "9"]
[White "Luna, Gilberto"]
[Black "Bapat, Udayan"]
[Result "1-0"]
[WhiteElo "2018"]
[BlackElo "2126"]
[PlyCount "95"]
[EventDate "2007.??.??"]

1. e4 c6 2. d4 d5 3. exd5 cxd5 4. Bd3 Nc6 5. c3 g6 6. Bf4 Bg7 7. h3 Nh6 8. Nf3
O-O 9. Qd2 Nf5 10. Na3 f6 11. g4 Nd6 12. Bh6 e5 13. Bxg7 Kxg7 14. Be2 e4 15.
Nh2 Rb8 16. Nc2 Be6 17. h4 b5 18. Nf1 a5 19. a3 Qd7 20. Nfe3 Rb7 21. g5 f5 22.
Ng2 Nc4 23. Qc1 b4 24. axb4 axb4 25. h5 Bf7 26. hxg6 hxg6 27. Qf4 Nxb2 28. Qh4
Bg8 29. Qh8+ Kf7 30. Qf6+ Ke8 31. Qxg6+ Bf7 32. Ra8+ Nb8 33. Qf6 bxc3 34. Rxb8+
Rxb8 35. Qe5+ Kd8 36. Qxb8+ Ke7 37. Qb4+ Qd6 38. Qxc3 Nc4 39. Rh6 Qb8 40. Bxc4
dxc4 41. Qa3+ Ke8 42. Qa4+ Ke7 43. Nb4 Be8 44. Qa5 Bb5 45. Rb6 Qh2 46. Qa7+ Bd7
47. Nd5+ Kd8 48. Rb8+ 1-0

[Event "USCL New Jersey vs Baltimore"]
[Site "Internet Chess Club"]
[Date "2007.10.24"]
[Round "9"]
[White "Enkhbat, Tegshsuren"]
[Black "Friedman, Aviv"]
[Result "1-0"]
[WhiteElo "2397"]
[BlackElo "2407"]
[PlyCount "63"]
[EventDate "2007.??.??"]

1. d4 d5 2. Nf3 Nc6 3. Bf4 Bg4 4. e3 e6 5. Be2 Nf6 6. O-O Bd6 7. Bxd6 Qxd6 8.
c4 O-O 9. cxd5 exd5 10. Nc3 Ne4 11. Rc1 Rfe8 12. Nxe4 dxe4 13. Nd2 Bxe2 14.
Qxe2 Nb4 15. Qc4 c6 16. a3 Nd5 17. Qb3 Qe7 18. f3 exf3 19. Rxf3 Rad8 20. Rcf1
Nf6 21. Nc4 Qe6 22. Qc2 Re7 23. Ne5 Rf8 24. Rh3 h6 25. Rhf3 Rc7 26. b4 a6 27.
h3 Nd7 28. Rxf7 Rxf7 29. Rxf7 Qd6 30. Qb3 Kh8 31. Rxg7 Nf6 32. Nf7+ 1-0

[Event "USCL Carolina vs Miami"]
[Site "Internet Chess Club"]
[Date "2007.10.24"]
[Round "9"]
[White "Rodriguez, Eric"]
[Black "Schroer, Jonathan"]
[Result "1-0"]
[WhiteElo "2192"]
[BlackElo "2449"]
[PlyCount "71"]
[EventDate "2007.??.??"]

1. d4 c5 2. d5 Nf6 3. c4 g6 4. Nf3 Bg7 5. Nc3 O-O 6. e4 d6 7. h3 e6 8. Be2 Re8
9. O-O Na6 10. dxe6 Bxe6 11. Bf4 Qb6 12. Qb3 Qc6 13. Ng5 Bd7 14. Rad1 h6 15.
Rxd6 Qc8 16. Nxf7 Kxf7 17. e5 Nh7 18. Bf3 Nb4 19. a3 Nc6 20. Nb5 Bf8 21. Qe3 g5
22. Bg3 Re6 23. Qd3 Kg8 24. Rxd7 Bg7 25. Bg4 Nf8 26. Bxe6+ Nxe6 27. Qd5 Ncd8
28. Rxd8+ Qxd8 29. Qxe6+ Kh7 30. Nd6 Qf8 31. Qf5+ Qxf5 32. Nxf5 Rd8 33. Nd6 b6
34. Re1 Bf8 35. e6 Bxd6 36. Bxd6 1-0

[Event "USCL Tennessee vs Dallas"]
[Site "Internet Chess Club"]
[Date "2007.10.24"]
[Round "9"]
[White "Burnett, Ron"]
[Black "Boskovic, Drasko"]
[Result "1/2-1/2"]
[WhiteElo "2407"]
[BlackElo "2520"]
[PlyCount "95"]
[EventDate "2007.??.??"]

1. d4 Nf6 2. c4 c5 3. dxc5 Na6 4. Nc3 Nxc5 5. f3 d6 6. e4 g6 7. Nge2 Bg7 8. Nf4
O-O 9. Be2 Ne6 10. Nfd5 Nxd5 11. Nxd5 Nd4 12. Bg5 Re8 13. O-O Be6 14. Be3 Bxd5
15. exd5 Nf5 16. Bf2 Bxb2 17. Rb1 Ba3 18. g4 Ng7 19. Rxb7 Qc8 20. Rb5 a6 21.
Rb6 Bc5 22. Rc6 Bxf2+ 23. Rxf2 Qd7 24. c5 dxc5 25. Bxa6 Red8 26. Rd2 e6 27. Bc4
exd5 28. Rxd5 Qe7 29. Rxd8+ Rxd8 30. Qe2 Qg5 31. Qe1 Qf4 32. Qe4 Rd1+ 33. Bf1
Qb8 34. Qe2 Rd8 35. Qc4 Qb7 36. Qb5 Qa8 37. Qa6 Qb8 38. Qb6 Qa8 39. Qa6 Qxa6
40. Bxa6 Ne6 41. Bc4 Rd2 42. Bxe6 fxe6 43. Rxc5 Rxa2 44. Rc7 Re2 45. Rb7 h5 46.
gxh5 gxh5 47. Rb5 e5 48. Kf1 1/2-1/2

[Event "USCL New Jersey vs Baltimore"]
[Site "Internet Chess Club"]
[Date "2007.10.24"]
[Round "9"]
[White "Battsetseg, Tsagaan"]
[Black "Khodarkovsky, Michael"]
[Result "1-0"]
[WhiteElo "2234"]
[BlackElo "2248"]
[PlyCount "95"]
[EventDate "2007.??.??"]

1. e4 Nf6 2. e5 Nd5 3. d4 d6 4. exd6 cxd6 5. c4 Nb6 6. Nc3 g6 7. Be3 Bg7 8. Nf3
O-O 9. Bd3 Nc6 10. h3 Nb4 11. Be2 Bf5 12. Rc1 d5 13. a3 Nc6 14. cxd5 Nxd5 15.
Nxd5 Qxd5 16. O-O Rad8 17. Bc4 Qd7 18. Qe2 Be4 19. Ne5 Nxe5 20. dxe5 Bd3 21.
Bxd3 Qxd3 22. Qxd3 Rxd3 23. Rc7 Rb3 24. Bd4 Rd8 25. Bc3 e6 26. Re1 Bh6 27. g3
a6 28. h4 Bg7 29. Re4 Bh6 30. Rd4 Rxd4 31. Bxd4 Bd2 32. Rc2 Ba5 33. Be3 Kg7 34.
Bg5 Bb6 35. Kg2 Bd4 36. Bf6+ Kh6 37. Rd2 Bxb2 38. Rd7 Bxa3 39. Rxf7 g5 40.
Bxg5+ Kg6 41. Rf6+ Kg7 42. Bh6+ Kg8 43. Rxe6 Kf7 44. Rf6+ Kg8 45. f4 a5 46. e6
a4 47. Rf7 Bc5 48. Rc7 1-0

[Event "USCL Philadelphia vs New York"]
[Site "Internet Chess Club"]
[Date "2007.10.24"]
[Round "9"]
[White "Zenyuk, Iryna"]
[Black "Wilson, Elvin"]
[Result "1-0"]
[WhiteElo "2185"]
[BlackElo "2240"]
[PlyCount "93"]
[EventDate "2007.??.??"]

1. d4 d5 2. Nf3 Nf6 3. c4 c6 4. Nc3 dxc4 5. a4 Bf5 6. e3 e6 7. Bxc4 Bb4 8. O-O
O-O 9. Qe2 Bg6 10. Ne5 Nbd7 11. Nxg6 hxg6 12. Rd1 Qa5 13. h3 Nb6 14. Bd3 e5 15.
Na2 exd4 16. Nxb4 Qxb4 17. a5 Nbd5 18. e4 Rfe8 19. Qc2 Nc7 20. Ra4 Qe7 21. Rxd4
Ne6 22. Rc4 g5 23. Bf1 a6 24. Bd2 Red8 25. Bb4 Qc7 26. Bc3 Rxd1 27. Qxd1 Rd8
28. Qf3 Nd7 29. Rb4 Ndc5 30. g3 Rd7 31. e5 Qd8 32. Kg2 Nd4 33. Qg4 Nce6 34. h4
c5 35. Rb6 gxh4 36. Qxh4 Re7 37. Bc4 Qc7 38. Qe4 Ng5 39. Qd5 Qc8 40. Bxd4 cxd4
41. Rd6 Ne6 42. b3 g6 43. Kg1 Kg7 44. Qf3 Rc7 45. Qf6+ Kg8 46. Bxe6 fxe6 47.
Rd8+ 1-0

[Event "USCL New Jersey vs Baltimore"]
[Site "Internet Chess Club"]
[Date "2007.10.24"]
[Round "9"]
[White "Molner, Mackenzie"]
[Black "Kaufman, Larry"]
[Result "1-0"]
[WhiteElo "2335"]
[BlackElo "2406"]
[PlyCount "83"]
[EventDate "2007.??.??"]

1. e4 e6 2. d4 d5 3. Nc3 Nc6 4. Nf3 Nf6 5. Bg5 Be7 6. Bxf6 Bxf6 7. Bb5 O-O 8.
Qd2 Nb8 9. O-O-O b6 10. Kb1 Bb7 11. Qf4 c5 12. e5 Be7 13. dxc5 bxc5 14. h4 Qb6
15. Bd3 h6 16. Rh3 f5 17. Rg3 Kh8 18. Rg6 c4 19. Nd4 cxd3 20. Rxd3 Rf7 21. Rdg3
Nd7 22. Nxe6 Qa6 23. Nd1 Qe2 24. Qc1 Qxe5 25. Nxg7 Rxg7 26. Rxg7 Qxg7 27. Rxg7
Kxg7 28. Qf4 Rc8 29. Ne3 Bf8 30. Nxf5+ Kh7 31. Nd6 Bxd6 32. Qf7+ Kh8 33. Qxd7
Bc7 34. a4 a5 35. g4 d4 36. Qxd4+ Kg8 37. Qd7 Kf8 38. f4 Ba6 39. Qe6 Bb7 40.
Qd7 Ba6 41. Qc6 Bf1 42. Qb7 1-0

[Event "USCL Tennessee vs Dallas"]
[Site "Internet Chess Club"]
[Date "2007.10.24"]
[Round "9"]
[White "Wheeler, Jerry"]
[Black "Zaremba, Andrei"]
[Result "0-1"]
[WhiteElo "2200"]
[BlackElo "2366"]
[PlyCount "112"]
[EventDate "2007.??.??"]

1. e4 c5 2. Nf3 d6 3. c3 Nf6 4. Be2 Nbd7 5. Qc2 Qc7 6. O-O g6 7. Bc4 Nb6 8.
Bb5+ Bd7 9. a4 a6 10. Bxd7+ Nbxd7 11. a5 Bg7 12. Re1 O-O 13. d3 e6 14. Bg5 h6
15. Be3 d5 16. h3 c4 17. exd5 Nxd5 18. d4 f5 19. Na3 b5 20. axb6 N7xb6 21. Bc1
Rfe8 22. Ne5 Kh7 23. h4 Rac8 24. Qe2 Bxe5 25. dxe5 Qe7 26. Nc2 Qxh4 27. Rxa6
Rc7 28. Nd4 Qd8 29. Nb5 Rc6 30. Ra7+ Re7 31. Qd2 g5 32. Nd4 Rcc7 33. Rxc7 Qxc7
34. Qe2 Qd7 35. g3 Qe8 36. Kg2 Kg7 37. Rh1 Qg6 38. Nb5 Rf7 39. Nd6 Rf8 40. Qh5
Qxh5 41. Rxh5 Ra8 42. Rh1 Ra2 43. Kf3 Ra4 44. Rd1 Kg6 45. Ke2 Nd7 46. f4 Nc5
47. Rd4 Nb3 48. Rxc4 Rxc4 49. Nxc4 Nxc1+ 50. Kd1 gxf4 51. gxf4 Nd3 52. Kc2
N3xf4 53. Nd2 Ne3+ 54. Kb1 Nd3 55. b4 Nxe5 56. b5 N3c4 0-1

[Event "USCL New Jersey vs Baltimore"]
[Site "Internet Chess Club"]
[Date "2007.10.24"]
[Round "9"]
[White "Benjamin, Joel"]
[Black "Blehm, Pawel"]
[Result "1-0"]
[WhiteElo "2651"]
[BlackElo "2580"]
[PlyCount "109"]
[EventDate "2007.??.??"]

1. e4 c5 2. Nf3 d6 3. Bb5+ Nd7 4. c3 Ngf6 5. Qe2 a6 6. Ba4 b5 7. Bc2 e5 8. a4
Rb8 9. d4 Be7 10. O-O O-O 11. axb5 axb5 12. Na3 c4 13. Bd2 Re8 14. Rfb1 d5 15.
dxe5 Nxe4 16. e6 Ndf6 17. Bf4 Bd6 18. Bxd6 Qxd6 19. Nd4 Bxe6 20. f3 Nc5 21.
Naxb5 Qb6 22. Qf2 Bd7 23. Na3 g6 24. b4 Ne6 25. Rd1 Ra8 26. Ra2 Ra6 27. Ne2 Qc7
28. Rda1 Rea8 29. Bb1 Nf4 30. Nc2 Rxa2 31. Rxa2 Re8 32. Ncd4 Nd3 33. Qg3 Qb6
34. Qg5 Kg7 35. Qd2 Bf5 36. Bxd3 Bxd3 37. Nf4 Bf5 38. g4 Bd3 39. Nxd3 cxd3 40.
Qxd3 Nd7 41. Kg2 Ne5 42. Qb5 Qd8 43. Re2 Re7 44. Qa5 Qd7 45. Qc5 h5 46. g5 h4
47. h3 Re8 48. Qb5 Qc8 49. Qxd5 Qxc3 50. Rxe5 Qb2+ 51. Kf1 Rc8 52. Ne2 Qxb4 53.
Re4 Qb1+ 54. Kf2 Qh1 55. Qe5+ 1-0

[Event "USCL Philadelphia vs New York"]
[Site "Internet Chess Club"]
[Date "2007.10.24"]
[Round "9"]
[White "Costigan, Richard"]
[Black "Hess, Robert"]
[Result "1/2-1/2"]
[WhiteElo "2287"]
[BlackElo "2486"]
[PlyCount "127"]
[EventDate "2007.??.??"]

1. e4 e5 2. Bc4 Nf6 3. d3 c6 4. Nf3 d5 5. Bb3 Bd6 6. Nc3 O-O 7. exd5 cxd5 8.
Bg5 d4 9. Nd5 Qa5+ 10. Bd2 Qd8 11. Bg5 Be7 12. Nxe7+ Qxe7 13. Nh4 Be6 14. Qf3
h6 15. Bxf6 Qxf6 16. Qxf6 gxf6 17. Kd2 Nd7 18. Rae1 Rac8 19. f4 Rc7 20. fxe5
Rfc8 21. Rc1 Bxb3 22. axb3 fxe5 23. Rhf1 f6 24. Nf5 Kh7 25. Nd6 Rg8 26. g3 a6
27. Rf2 b5 28. b4 Rc6 29. Ne4 Kg6 30. Rcf1 Rf8 31. g4 Nb6 32. h4 Nd5 33. c3 Ne3
34. Rg1 Rfc8 35. Rg3 Ra8 36. Rxe3 dxe3+ 37. Kxe3 a5 38. bxa5 Rxa5 39. b4 Ra1
40. Rg2 Rca6 41. h5+ Kg7 42. Nd2 R6a2 43. c4 bxc4 44. dxc4 Re1+ 45. Re2 Rc1 46.
b5 Kf8 47. Kd3 Ra3+ 48. Ke4 Ke7 49. Kf5 Ra2 50. b6 Rb2 51. g5 fxg5 52. Rxe5+
Kf7 53. Rc5 Rxd2 54. Rc7+ Ke8 55. b7 Rb1 56. c5 Rd7 57. Rc8+ Kf7 58. b8=Q Rxb8
59. Rxb8 Rd5+ 60. Ke4 Rxc5 61. Rb7+ Kf6 62. Rb6+ Kg7 63. Rb7+ Kf8 64. Rb6
1/2-1/2

[Event "USCL Carolina vs Miami"]
[Site "Internet Chess Club"]
[Date "2007.10.24"]
[Round "9"]
[White "Zaikov, Oleg"]
[Black "Barredo, Luis"]
[Result "1/2-1/2"]
[WhiteElo "2369"]
[BlackElo "2160"]
[PlyCount "115"]
[EventDate "2007.??.??"]

1. d4 Nf6 2. c4 g6 3. Nc3 Bg7 4. e4 d6 5. Nf3 O-O 6. Be2 Na6 7. O-O e5 8. Be3
Ng4 9. Bg5 f6 10. Bh4 Nh6 11. a3 Nf7 12. b4 c6 13. Bg3 Qe7 14. Re1 Kh8 15. c5
dxc5 16. dxe5 fxe5 17. Bxa6 cxb4 18. Na2 bxa6 19. Nxb4 Bb7 20. Qa4 Rac8 21.
Rac1 Rfd8 22. Rc3 c5 23. Nd3 c4 24. Nb2 Nd6 25. Qb4 a5 26. Qxa5 Nxe4 27. Rxc4
Nxg3 28. hxg3 e4 29. Rxc8 Rxc8 30. Qb5 Bc6 31. Qe2 Qb7 32. Ng5 Bxb2 33. Rb1 Rb8
34. Qc4 Bd5 35. Qc5 h6 36. Nh3 Qc6 37. Qxa7 Ra8 38. Qe3 Bg7 39. Nf4 Bf7 40. Rb6
Qe8 41. Rb4 Ra4 42. Rb7 g5 43. Ne2 Bd5 44. Rc7 Rc4 45. Ra7 Qe5 46. a4 Qa1+ 47.
Kh2 Rxa4 48. Rd7 Qe5 49. Qc5 Bg8 50. Qc6 Rc4 51. Qb7 Rc2 52. Re7 Qb2 53. Qxe4
Rc8 54. Ng1 Qxf2 55. Rxg7 Kxg7 56. Qb7+ Qf7 57. Qxc8 Qh5+ 58. Qh3 1/2-1/2

[Event "USCL Carolina vs Miami"]
[Site "Internet Chess Club"]
[Date "2007.10.24"]
[Round "9"]
[White "Milman, Lev"]
[Black "Martinez, Marcel"]
[Result "1-0"]
[WhiteElo "2531"]
[BlackElo "2462"]
[PlyCount "127"]
[EventDate "2007.??.??"]

1. e4 c5 2. Nf3 d6 3. d4 cxd4 4. Nxd4 Nf6 5. Nc3 Nc6 6. Bg5 e6 7. Qd2 a6 8.
O-O-O Bd7 9. f4 h6 10. Bh4 g5 11. fxg5 Ng4 12. Nf3 hxg5 13. Bg3 Be7 14. Bc4
Nge5 15. Bb3 Rc8 16. Kb1 b5 17. Rhf1 f6 18. Ne2 Na5 19. Ned4 Nac4 20. Qe2 Qc7
21. h4 g4 22. Ne1 Nxb2 23. Kxb2 Qc3+ 24. Kb1 Nc4 25. Bxc4 bxc4 26. Qxg4 Rb8+
27. Nb3 cxb3 28. axb3 Kf7 29. Rf3 Qc6 30. e5 f5 31. Qd4 d5 32. Rc3 Qb5 33. Nf3
Qa5 34. Be1 Qb5 35. g4 fxg4 36. Qf4+ Ke8 37. Qxg4 Qe2 38. Qg6+ Kd8 39. Rcd3 Kc8
40. R1d2 Qf1 41. Rf2 Qh1 42. Rh2 Qf1 43. Rf2 Qh1 44. Kb2 Kb7 45. Qg7 Rbe8 46.
Rh2 Qf1 47. Rf2 Qh1 48. Rg2 Bb5 49. Rg1 Qh3 50. Ng5 Qh2 51. Rdg3 Rhg8 52. Qf7
Rgf8 53. Qg7 Rg8 54. Qf7 Rgf8 55. Qg6 Rg8 56. Qh5 Rh8 57. Qd1 Qxh4 58. Nxe6 Qe4
59. Bc3 Rh2 60. Re1 Qh4 61. Rg7 Bc6 62. Rf1 Kb8 63. Rff7 Qh6 64. Rxe7 1-0

[Event "USCL Queens vs Boston"]
[Site "Internet Chess Club"]
[Date "2007.10.24"]
[Round "9"]
[White "Perelshteyn, Eugene"]
[Black "Vovsha, Eli"]
[Result "1/2-1/2"]
[WhiteElo "2615"]
[BlackElo "2495"]
[PlyCount "84"]
[EventDate "2007.??.??"]

1. d4 Nf6 2. Nf3 e6 3. g3 b5 4. Bg2 Bb7 5. O-O Be7 6. a4 b4 7. Nbd2 d5 8. Nb3
a5 9. Ne5 Nbd7 10. Nd3 O-O 11. f3 c5 12. dxc5 Qc7 13. Be3 e5 14. c3 bxc3 15.
bxc3 Ba6 16. Re1 Rfe8 17. Qc2 Bxd3 18. exd3 Nxc5 19. Rec1 Rab8 20. Nxc5 Bxc5
21. d4 Ba7 22. Qd2 Rb3 23. Bf1 exd4 24. Bxd4 h5 25. Rab1 Ra3 26. Bb5 Rc8 27.
Kg2 Bxd4 28. cxd4 Rc3 29. Rxc3 Qxc3 30. Qxc3 Rxc3 31. Rb2 g5 32. h3 h4 33. g4
Nh7 34. Be8 Nf6 35. Rb8 Rc2+ 36. Kg1 Kg7 37. Bb5 Nh7 38. Rd8 Rc1+ 39. Kf2 Rc2+
40. Kg1 Rc1+ 41. Kf2 Rc2+ 42. Kg1 Rc1+ 1/2-1/2

[Event "USCL Tennessee vs Dallas"]
[Site "Internet Chess Club"]
[Date "2007.10.24"]
[Round "9"]
[White "Kuljasevic, Davorin"]
[Black "Andrews, Todd"]
[Result "1-0"]
[WhiteElo "2491"]
[BlackElo "2337"]
[PlyCount "99"]
[EventDate "2007.??.??"]

1. d4 Nf6 2. c4 c5 3. d5 b5 4. cxb5 a6 5. b6 e6 6. Nc3 Nxd5 7. Nxd5 exd5 8.
Qxd5 Nc6 9. Nf3 Rb8 10. e4 Be7 11. Bd2 O-O 12. Bc4 Rxb6 13. Bc3 d6 14. O-O Be6
15. Qd3 Bxc4 16. Qxc4 Bf6 17. Rad1 Bxc3 18. bxc3 Qf6 19. Rd3 Re8 20. Qa4 Kf8
21. Rfd1 Ne5 22. Nxe5 Qxe5 23. Re3 Qf4 24. g3 Qg4 25. Kg2 g6 26. Rd5 Qe6 27.
Qa5 Reb8 28. c4 f6 29. Qc3 Rb2 30. Qd3 Ke7 31. Qa3 R8b6 32. Qa5 Kf7 33. h3 Kg7
34. g4 Kf7 35. Rf3 Qxe4 36. Qc3 Qe7 37. g5 f5 38. h4 Qe4 39. Qf6+ Kg8 40. Rdd3
Qg4+ 41. Rg3 Qe4+ 42. Rdf3 Rb8 43. h5 Qe5 44. hxg6 Rxf2+ 45. Rxf2 Qe4+ 46. Kh3
Qh1+ 47. Rh2 Qf1+ 48. Kh4 Qf4+ 49. Kh5 Rb7 50. Re2 1-0

[Event "USCL Tennessee vs Dallas"]
[Site "Internet Chess Club"]
[Date "2007.10.24"]
[Round "9"]
[White "Zorigt, Bayaraa"]
[Black "Larson, Gerald"]
[Result "0-1"]
[WhiteElo "2056"]
[BlackElo "2120"]
[PlyCount "132"]
[EventDate "2007.??.??"]

1. e4 c5 2. Nf3 Nc6 3. Nc3 e6 4. d4 cxd4 5. Nxd4 Qc7 6. Be2 a6 7. Be3 Nf6 8. a3
Be7 9. O-O O-O 10. Nb3 Ne5 11. f4 Nc4 12. Bxc4 Qxc4 13. Qf3 d6 14. Rad1 Qc7 15.
Qg3 Re8 16. e5 Nd7 17. Bd4 f6 18. Qh3 Nc5 19. exf6 gxf6 20. Rf3 e5 21. Qh5 Be6
22. fxe5 dxe5 23. Rg3+ Kh8 24. Qh6 Rg8 25. Nxc5 Rxg3 26. hxg3 exd4 27. Nxe6
Qxg3 28. Ne2 Qg4 29. N2xd4 Qxd1+ 30. Kf2 Rg8 31. Qe3 Qg4 32. Qf3 Qxf3+ 33. Kxf3
Rc8 34. c3 Kg8 35. Nf4 Kf7 36. Nd5 Bc5 37. Ne2 Re8 38. b4 Ba7 39. c4 Re5 40.
Nef4 Re1 41. a4 Ra1 42. a5 Bd4 43. Ke4 Be5 44. Nd3 Bd6 45. Ne3 Rb1 46. Nd5 Rg1
47. Ne3 Ke6 48. c5 Bc7 49. Nd5 Bb8 50. Ne3 Be5 51. c6 bxc6 52. Nc5+ Kd6 53.
Nxa6 Bc3 54. Kd3 Ba1 55. Nc5 Kc7 56. a6 Kb8 57. Nd7+ Ka7 58. Nc5 Rb1 59. Nc2
Be5 60. Kc4 Rc1 61. Kd3 h5 62. Kd2 Rg1 63. Ne3 Bf4 64. Kd3 Bxe3 65. Kxe3 Rxg2
66. Ne4 h4 0-1

[Event "USCL Queens vs Boston"]
[Site "Internet Chess Club"]
[Date "2007.10.24"]
[Round "9"]
[White "Krasik, Ilya"]
[Black "Thaler, Michael"]
[Result "1/2-1/2"]
[WhiteElo "2137"]
[BlackElo "2112"]
[PlyCount "128"]
[EventDate "2007.??.??"]

1. d4 d5 2. c4 c6 3. Nf3 Nf6 4. Nc3 e6 5. Bg5 h6 6. Bh4 dxc4 7. e4 g5 8. Bg3 b5
9. Be2 Bb7 10. O-O Nbd7 11. Ne5 Rg8 12. Nxd7 Qxd7 13. Be5 Qe7 14. Qc2 Nd7 15.
Bg3 a6 16. Rfe1 e5 17. d5 Nf6 18. a4 Rb8 19. dxc6 Bxc6 20. Nd5 Qd6 21. axb5
axb5 22. Qc3 Nxe4 23. Qxe5+ Qxe5 24. Bxe5 Bc5 25. Nf6+ Nxf6 26. Bxb8 Ne4 27.
Ba7 Bb4 28. Red1 Nd2 29. Be3 Nb3 30. Ra7 Rg6 31. Bh5 Rf6 32. Rc7 Kf8 33. h4
gxh4 34. Rd8+ Kg7 35. Rcc8 Re6 36. Bg4 f5 37. Bxf5 Rf6 38. Rc7+ Rf7 39. Bxh6+
Kf6 40. Rxf7+ Kxf7 41. Bg5 Be7 42. Bxe7 Kxe7 43. Rh8 Kf6 44. Rh6+ Kxf5 45. Rxc6
Ke4 46. Kf1 Kd3 47. Rb6 Nd4 48. Rd6 b4 49. Ke1 b3 50. Kd1 c3 51. bxc3 b2 52.
Rxd4+ Kxc3 53. Rb4 Kxb4 54. Kc2 Ka3 55. Kb1 Kb3 56. f4 Kc4 57. Kxb2 Kd4 58. f5
Ke5 59. f6 Kxf6 60. Kc2 Ke5 61. Kd2 Kf4 62. Ke2 Kg3 63. Kf1 h3 64. gxh3 Kxh3
1/2-1/2

[Event "USCL Queens vs Boston"]
[Site "Internet Chess Club"]
[Date "2007.10.24"]
[Round "9"]
[White "Critelli, James"]
[Black "Shmelov, Denys"]
[Result "1/2-1/2"]
[WhiteElo "2337"]
[BlackElo "2391"]
[PlyCount "134"]
[EventDate "2007.??.??"]

1. e4 e6 2. d4 d5 3. Nd2 Be7 4. Ngf3 Nf6 5. Bd3 c5 6. exd5 Qxd5 7. dxc5 Nbd7 8.
Nb3 Nxc5 9. Nxc5 Qxc5 10. Qe2 O-O 11. O-O b6 12. Ng5 Bb7 13. Ne4 Qe5 14. Nxf6+
Bxf6 15. Qxe5 Bxe5 16. Re1 Bf6 17. a4 Rfd8 18. a5 Bd4 19. Bf1 Rdc8 20. c3 Bc5
21. Be3 Bxe3 22. Rxe3 Kf8 23. c4 Bc6 24. b4 Rab8 25. axb6 axb6 26. Ra6 Ke8 27.
f3 Kd8 28. b5 Be8 29. f4 Kc7 30. Be2 Ra8 31. Rea3 Rxa6 32. Rxa6 Rb8 33. Ra7+
Rb7 34. Ra8 Rb8 35. Ra7+ Rb7 36. Ra3 Rb8 37. Kf2 Kd6 38. Ke3 Kc5 39. Ra7 Rd8
40. Rc7+ Kd6 41. Rb7 Kc5 42. Ra7 Rd7 43. Ra8 Re7 44. Rc8+ Kd6 45. Kd4 f6 46.
Rd8+ Kc7 47. Ra8 e5+ 48. fxe5 fxe5+ 49. Kc3 Kb7 50. Rd8 Kc7 51. Rd2 Bg6 52. Kb4
Be4 53. g3 Rd7 54. Ra2 Kb7 55. Bg4 Rd4 56. Be6 Rd6 57. Bh3 Bg6 58. Bg2+ e4 59.
Re2 Re6 60. Re3 Kc7 61. c5 bxc5+ 62. Kxc5 Re5+ 63. Kb4 Kb6 64. Bf1 Be8 65. Bd3
Bxb5 66. Rxe4 Rxe4+ 67. Bxe4 h6 1/2-1/2